Guess the Hit Title from the Lyrics #12 - Statistics

General Stats
  • This quiz has been taken 243 times
  • The average score is 7 of 17
Answer Stats
Song Lyric % Correct
Well, {good} {for} {you} / You look happy and healthy, not me / If you ever cared to ask / {Good} {for} {you} / You're doin' great out there without me, baby
58%
Don't want to close my eyes / I don't want to fall asleep / 'Cause I'd miss you baby / And {I} {don't} {want} {to} {miss} {a} {thing}
57%
So put your best face on everybody / Pretend you know this song / Everybody come hang (come hang) / Let's go out with a {bang}
54%
So when you gonna tell her / That we did that too? / She thinks it's special / But it's all reused / That was the show we talked about / Played you the song she's singing now when she's with you / Do you get {déjà} {vu} when she's with you?
53%
You gave me your word / But that didn't matter / It took you two weeks / To go off and date her / Guess you didn't cheat / But you're still a {traitor}
51%
Cause you had a {bad} {day} / You're taking one down / You sing a sad song just to turn it around / You say you don't know / You tell me don't lie / You work at a smile and you go for a ride
50%
Let's get down, let's get down to {business} / Give you one more night, one more night to get this / We've had a million, million nights just like this / So let's get down, let's get down to {business}
50%
Call me when you want, call me when you need / Call me in the morning, I'll be on the way / Call me when you want, call me when you need / {Call} {me} {by} {your} {name}, I'll be on the way
44%
Soon may the {Wellerman} come / To bring us sugar and tea and rum / One day, when the tonguin' is done / We'll take our leave and go
43%
Just when I think you're gone / Hear {our} {song} on the radio / Just like that, takes me back / To the places we used to go
42%
{Lost}, I was {lost}, I was {lost} 'til you loved me / Now I'm found, now I'm found, now I'm found / Yeah, you took me to a place / It was safe, it was sound
40%
{Don't} {speak}, I know just what you're sayin' / So please stop explainin' / Don't tell me 'cause it hurts
33%
They tell you that the sky might fall / They'll say that you might lose it all / So I {run} until I hit that wall / Yeah, I learned my lesson, count my blessings / Look to the rising sun and {run}, {run}, {run}
32%
I want to {break} {free} / I want to {break} {free} from your lies / You're so self satisfied / I don't need you / I've got to {break} {free}
29%
Yeah, if you ever move on without me / I need to make sure you know / That you are the only one I'll ever love (I gotta tell ya, gotta tell ya) / Yeah, you, if it's not you, it's not {anyone}
27%
Although we've come / To the {end} {of} {the} {road} / Still I can't let go / It's unnatural / You belong to me / I belong to you
15%
You throw your head back / And you spit in the wind / Let the walls crack / 'Cause it lets the light in / Let 'em drag you through hell / They can't tell you to change who you are / {That's} {all} {I} {know} {so} {far}
6%
No matching quizzes found
Score Distribution
Percent of People with Each Score
Percentile by Number Answered
Your Score History
You have not taken this quiz